| 000 | 00388pab a2200157 454500 | ||
|---|---|---|---|
| 008 | 180718b2007 xxu||||| |||| 00| 0 eng d | ||
| 100 | _aChand, Ramesh | ||
| 245 | _aWheat supply, price prospects, and food security | ||
| 260 | _c2007 | ||
| 300 | _ap.1659-663. | ||
| 362 | _a12 May | ||
| 650 | _aFood supply | ||
| 773 | _aEconomic and Political Weekly | ||
| 908 | _aN | ||
| 909 | _a73986 | ||
| 999 |
_c73986 _d73986 |
||